Statistics for Europe by First Two Letters of Capitals and Borders in 45 Seconds

Click here to take the quiz!

General Stats

  • This quiz has been taken 426 times
  • The average score is 43 of 45

Answers on the Map

Answers color-coded by a green-red scale on the quiz's map according to % correct below.
Loading ...
 

Answer Stats

Country% Correct
France
99%
Austria
99%
Germany
99%
Italy
98%
Hungary
98%
Belgium
98%
Russia
98%
Bulgaria
98%
Poland
98%
Serbia
98%
Netherlands
98%
Switzerland
98%
Spain
98%
Luxembourg
97%
Macedonia
97%
Finland
97%
United Kingdom
97%
Norway
97%
Belarus
97%
Ukraine
97%
Sweden
96%
Romania
96%
Lithuania
96%
Latvia
96%
Ireland
96%
Czech Republic
96%
Croatia
96%
Slovakia
96%
Slovenia
95%
Montenegro
95%
Denmark
95%
Greece
94%
Portugal
94%
Bosnia and
Herzegovina
94%
Kosovo
93%
Estonia
93%
Albania
92%
Monaco
92%
Liechtenstein
92%
Vatican City
91%
Andorra
90%
Iceland
89%
San Marino
88%
Moldova
88%
Malta
74%

Score Distribution

Percentile by Number Answered

Percent of People with Each Score

Your Score History

You have not taken this quiz